00687 2200181 4500245003100000020002200031250001100053100001400064700002400078650001700102005001900119260002500138041001400163084000800177300002300185500028800208336000900496 aBibi GillcTere LiyehText a978-623-97262-4-9 aCet. 1 aTere Liye aMuhammad Ardiansyah aNovel Remaja a20240125102800 bSabak Grip Nusantara aIndonesia a813 a358 hlm. :c20 cm. aBagaimana menjadi petarung terkuat di dunia pararel? Dengan latihan panjang dan pengorbanan. Termasuk kehilangan dan kesedihan. Inilah kisah tentang Bibi Gill, yang sejak kecil berusaha mengalahkan 'monster' dalam hidupnya. Apakah dia bisa menemukan jawaban yang selama ini dia cari? atext